000
00321nam a2200133Ia 4500
008
231017s9999 xx 000 0 und d
082
_a
624.1513CHA
082
_b
CHA
245
0
_a
Research - 2008-01: Compaction Remediation for Construction Sites
245
0
_c
TRB
260
_b
TRB
300
_c
30cm
942
_c
REP
999
_c
603780
_d
603780